[Event "Slovenian chT 2019"]
[Site "Slovenia"]
[Date "2019.12.21"]
[Round "8"]
[White "Tomazini, Zan"]
[Black "Janzelj, Tim"]
[Result "1-0"]
[WhiteElo "2359"]
[BlackElo "2446"]
[Annotator "NA"]
[PlyCount "93"]
[EventDate "2019.??.??"]
[EventCountry "SLO"]
[SourceTitle "playchess.com"]
[Source "ChessBase"]
[SourceQuality "1"]
[TimeControl "40/5400+30:1800+30"]

1. e4 c6 2. d4 d5 3. e5 Bf5 4. Nf3 e6 5. Be2 c5 6. c3 Nc6 7. O-O Bg6 8. Be3 Qb6 9. Qd2 Nh6 10. Nh4 Be4 11. g4 $11 Ng8 12. f3 Bxb1 13. Raxb1 h5 14. Ng2 Qa5 15. Qd3 Nge7 16. Nf4 c4 17. Qc2 g6 18. b3 cxb3 19. axb3 Bh6 20. Qd2 Rc8 21. b4 Qc7 22. Rbc1 Bg7 23. Kg2 a6 24. h3 Na7 25. c4 dxc4 26. Bxc4 Qd7 27. d5 exd5 28. Nxd5 Nxd5 29. Bxa7 Rd8 30. Rfd1 hxg4 31. Qxd5 gxh3+ 32. Kh1 Qxd5 33. Rxd5 Rc8 34. Be3 O-O 35. Rd7 Bxe5 36. Bxf7+ Kh8 37. Rc5 Rxc5 38. Bxc5 Rc8 39. Bxg6 b6 40. Be3 a5 41. f4 Bb2 42. b5 a4 43. Bxb6 a3 44. Bf7 Kg7 45. Bc7 Bd4 46. b6 Rf8 47. Bb3+ 1-0

[Event "Slovenian chT 2019"]
[Site "Slovenia"]
[Date "2019.12.21"]
[Round "8"]
[White "Jelen, Igor"]
[Black "Tomazini, Aljosa"]
[Result "1/2-1/2"]
[WhiteElo "2350"]
[BlackElo "2388"]
[Annotator "TA"]
[PlyCount "89"]
[EventDate "2019.??.??"]
[EventCountry "SLO"]
[SourceTitle "playchess.com"]
[Source "ChessBase"]
[SourceQuality "1"]

{[%evp 15,89,26,33,23,29,29,26,29,30,-23,-8,-29,-21,-31,0,0,25,17,0,8,67,77,87,87,108,84,93,85,85,66,79,53,50,0,0,-100,-76,-310,-306,-287,-83,-89,-87,-112,-55,-145,-147,-147,-143,-207,-200,-221,-187,-176,-103,-98,-135,-149,-120,-100,-139,-137,0,0,0,0,0,0,0,0,0,0,0,0,0,0]} 1. d4 e6 2. c4 f5 3. g3 Nf6 4. Bg2 d5 5. Nf3 Bd6 6. O-O O-O 7. Nc3 c6 8. Qc2 Qe7 9. Bg5 {A90: Dutch Defence: Miscellaneous and Modern Stonewall (with ...Bd6)} (9. Rb1 Bd7 10. c5 Bc7 11. b4 Ne4 12. Nxe4 fxe4 13. Bg5 Qf7 14. Ne5 Bxe5 15. dxe5 Be8 16. f3 Nd7 17. fxe4 {½-½ (48) Wojtaszek,R (2750)-Sadzikowski,D (2588) Warsaw 2018}) 9... h6 10. Bf4 Bxf4 11. gxf4 {White has an edge.} Nbd7 12. c5 ({White should play} 12. cxd5 Nxd5 13. e3) 12... Ne4 13. b4 $146 ({Predecessor:} 13. Ne5 Nxe5 14. fxe5 Bd7 15. b4 Be8 16. f4 Bh5 {½-½ (50) Prraneeth,V (2297)-Lyell,M (2256) Budapest 2019}) 13... g5 14. e3 Kh7 15. Ne2 Rg8 16. a4 gxf4 17. Nxf4 Ng5 (17... a5 $11) 18. Kh1 $14 Nf6 19. Ne5 Bd7 20. Rg1 Rg7 21. Bf1 Rag8 22. Bd3 Be8 23. f3 Nh5 24. Nxh5 Bxh5 $40 {[%mdl 128] Black has some attack.} 25. Rg3 {[#]} (25. Raf1 $11) 25... Nf7 $1 $17 26. Qf2 $2 (26. Bxf5+ $17 {was called for.} exf5 27. Qxf5+ Bg6 28. Rxg6 Rxg6 29. Qxf7+ Qxf7 30. Nxf7) 26... Nxe5 $19 27. dxe5 {[#]} Rxg3 $2 (27... Qh4 $1 $19 {[%cal Rg7g3][%mdl 512] and Black stays clearly on top.} 28. Rag1 Rxg3 29. Rxg3 Rxg3 30. Qxg3 Qxb4 {[%mdl 64] Double Attack}) 28. hxg3 $17 Qg7 29. g4 {[#]} Bxg4 $1 {[%mdl 512]} 30. fxg4 ({White must play} 30. Qg3 $1 $15) 30... Qxg4 {( -> ...Qh3+)} 31. Bf1 Qxb4 32. Qf4 (32. Ra2 $17 {was worth a try.}) 32... Qxc5 $19 33. Bd3 Rg5 34. Rg1 Rh5+ (34... Kg6 $19 35. Ra1 Qa5) 35. Kg2 $17 Qc3 36. Be2 Rg5+ 37. Kf2 Rxg1 38. Kxg1 c5 ({Black should try} 38... Qe1+ $17 39. Bf1 c5) 39. Bh5 $11 {Strongly threatening Qg3.The position is equal.} Qe1+ 40. Kg2 Qd2+ 41. Kh3 {White threatens Qg3 and mate.} Kg7 42. Qg3+ Kf8 43. Qf4 Kg7 44. Qg3+ Kf8 45. Qf4 {Accuracy: White = 59%, Black = 56%.} 1/2-1/2

[Event "Slovenian chT 2019"]
[Site "Slovenia"]
[Date "2019.12.21"]
[Round "8"]
[White "Gjuran, Denis"]
[Black "Zvan, Ziga"]
[Result "1-0"]
[WhiteElo "2331"]
[BlackElo "2249"]
[Annotator "NA"]
[PlyCount "75"]
[EventDate "2019.??.??"]
[EventCountry "SLO"]
[SourceTitle "playchess.com"]
[Source "ChessBase"]
[SourceQuality "1"]
[TimeControl "40/5400+30:1800+30"]

1. e4 d6 2. Nc3 Nf6 3. d4 e5 4. Nf3 exd4 5. Nxd4 Be7 6. Be2 O-O 7. O-O Re8 8. Re1 c6 9. a4 Bf8 10. Bf1 a5 11. Bf4 Na6 12. Qd2 Nc5 $14 13. f3 Ne6 14. Be3 d5 15. exd5 Nxd5 16. Nxd5 Qxd5 17. Nb3 Qxd2 18. Bxd2 b6 19. Be3 c5 20. c3 Ba6 21. Bxa6 Rxa6 22. Nd2 Rb8 23. Nc4 b5 24. axb5 Rxb5 25. Red1 Rb7 26. Ra4 Be7 27. Kf2 Kf8 28. Rd5 Ke8 29. f4 g6 30. g4 Rb5 31. Kf3 Nc7 32. Rd1 Na8 33. Rda1 Nb6 34. Rxa5 Nxc4 35. Rxa6 Rxb2 36. Ra8+ Kd7 37. R1a7+ Ke6 38. Re8 1-0

[Event "Slovenian chT 2019"]
[Site "Slovenia"]
[Date "2019.12.21"]
[Round "8"]
[White "Mazi, Leon"]
[Black "Antal, Tibor Kende"]
[Result "1-0"]
[WhiteElo "2326"]
[BlackElo "2424"]
[Annotator "NA"]
[PlyCount "71"]
[EventDate "2019.??.??"]
[EventCountry "SLO"]
[SourceTitle "playchess.com"]
[Source "ChessBase"]
[SourceQuality "1"]
[TimeControl "40/5400+30:1800+30"]

1. e4 c5 2. Nf3 e6 3. d4 cxd4 4. Nxd4 a6 5. Nc3 Qc7 6. f4 b5 7. Bd3 Bb7 8. Qe2 b4 9. Nd1 Nc6 10. Nxc6 Qxc6 11. Nf2 Bc5 12. Be3 Ne7 13. O-O-O $11 Rc8 14. Kb1 O-O 15. Rhe1 d5 16. Bxc5 Qxc5 17. e5 a5 18. Qe3 Qxe3 19. Rxe3 h5 20. Bf1 Nf5 21. Rh3 g6 22. Bd3 Nh6 23. Be2 Kg7 24. a3 f6 25. exf6+ Rxf6 26. axb4 Rxf4 27. Nd3 Re4 28. Bf3 Re3 29. bxa5 e5 30. Bxd5 Bxd5 31. Rxe3 Ng4 32. Re2 e4 33. Nb4 Ba8 34. h3 Ne5 35. b3 Rc5 36. a6 1-0

[Event "Slovenian chT 2019"]
[Site "Slovenia"]
[Date "2019.12.21"]
[Round "8"]
[White "Cigan, Stefan"]
[Black "Slibar, Matjaz"]
[Result "1/2-1/2"]
[WhiteElo "2318"]
[BlackElo "2188"]
[Annotator "NA"]
[PlyCount "111"]
[EventDate "2019.??.??"]
[EventCountry "SLO"]
[SourceTitle "playchess.com"]
[Source "ChessBase"]
[SourceQuality "1"]
[TimeControl "40/5400+30:1800+30"]

1. e4 c5 2. Nf3 e6 3. d4 cxd4 4. Nxd4 Nc6 5. Nc3 Qc7 6. Be3 a6 7. Qf3 Nf6 8. O-O-O d6 9. Be2 h5 10. Bg5 Be7 $16 11. Rhe1 Bd7 12. Qg3 O-O-O 13. f4 Nxd4 14. Rxd4 Bc6 15. Bf3 Ne8 16. Nd5 Bxd5 17. Bxe7 Bxe4 18. Bxe4 Qxe7 19. Qc3+ Nc7 20. Qb4 Nb5 21. Rd3 Qc7 22. Rb3 d5 23. Bd3 Na7 24. Qa4 Rd6 25. Qd4 Nc6 26. Qxg7 Rdd8 27. g3 h4 28. a3 Rhg8 29. Qf6 hxg3 30. hxg3 Rxg3 31. Rf1 Rdg8 32. Kb1 Rg1 33. Rxg1 Rxg1+ 34. Ka2 Rg4 35. f5 e5 36. Rc3 Rg3 37. Qh8+ Kd7 38. Qf8 Qd6 39. Qxf7+ Kc8 40. Bxa6 Rxc3 41. Qxb7+ Kd8 42. bxc3 Ne7 43. a4 e4 44. Qa8+ Kc7 45. Qb7+ Kd8 46. Qa8+ Kc7 47. Qb7+ Kd8 48. a5 Nxf5 49. Qc8+ Ke7 50. Qxf5 Qxa6 51. Qxd5 Qe2 52. Kb2 e3 53. c4 Qd2 54. Qe5+ Kf7 55. a6 e2 56. a7 1/2-1/2

[Event "Slovenian chT 2019"]
[Site "Slovenia"]
[Date "2019.12.21"]
[Round "8"]
[White "Kastelic, Marian"]
[Black "Mikhalchishin, Adrian"]
[Result "1-0"]
[WhiteElo "2248"]
[BlackElo "2466"]
[Annotator "RC"]
[PlyCount "84"]
[EventDate "2019.??.??"]
[EventCountry "SLO"]
[SourceTitle "playchess.com"]
[Source "ChessBase"]
[SourceQuality "1"]
[TimeControl "40/5400+30:1800+30"]

1. d4 Nf6 2. Nf3 e6 3. e3 c5 4. Bd3 d5 5. b3 Nc6 6. a3 Bd6 7. Bb2 O-O 8. Nbd2 b6 9. O-O Bb7 10. Ne5 Ne7 11. Qe2 Ne4 12. Bxe4 dxe4 13. dxc5 bxc5 14. Nec4 Bc7 15. Rfd1 Qb8 16. Qh5 Bd5 17. Ne5 g6 18. Ng4 f6 19. Bxf6 Rxf6 20. Nxf6+ Kf7 21. Qxh7+ Kxf6 22. c4 Bc6 23. Nxe4+ Bxe4 24. Qh4+ g5 25. Qxe4 Bxh2+ 26. Kf1 Be5 27. Rab1 Qh8 28. Rd7 g4 29. Rbd1 Rg8 30. Rxa7 Nf5 31. Ke2 Qh5 32. Rdd7 Nd6 33. Qc6 Rc8 34. Rac7 Rxc7 35. Qxc7 g3+ 36. f3 Qh1 37. Qd8+ Kf5 38. Qf8+ Kg6 39. Qg8+ Kf6 40. Qg7+ Kf5 41. e4+ Nxe4 42. fxe4+ Kf4 1-0

[Event "Slovenian chT 2019"]
[Site "Slovenia"]
[Date "2019.12.21"]
[Round "8"]
[White "Suta, Andraz"]
[Black "Trbojevic, Mladen"]
[Result "1/2-1/2"]
[WhiteElo "2242"]
[BlackElo "2335"]
[Annotator "NA"]
[PlyCount "113"]
[EventDate "2019.??.??"]
[EventCountry "SLO"]
[SourceTitle "playchess.com"]
[Source "ChessBase"]
[SourceQuality "1"]
[TimeControl "40/5400+30:1800+30"]

1. e4 e5 2. Nf3 Nc6 3. Bb5 a6 4. Ba4 Nf6 5. O-O Be7 6. Re1 b5 7. Bb3 d6 8. c3 O-O 9. h3 Nb8 10. d4 Nbd7 11. Nbd2 Bb7 12. Bc2 Re8 13. Nf1 Bf8 14. Ng3 g6 15. a4 c5 16. d5 c4 17. Bg5 Nc5 18. Qd2 Be7 19. Bh6 $11 Nfd7 20. Nh2 Nxa4 21. Bxa4 bxa4 22. Rxa4 a5 23. Be3 Ba6 24. Ra3 h5 25. Qe2 Nf6 26. Nf3 Qc7 27. Nd2 Reb8 28. Rea1 Bb5 29. f4 exf4 30. Bxf4 Re8 31. Qf2 Bf8 32. Be3 Nd7 33. Nf3 Bg7 34. Nd4 Reb8 35. Nf3 a4 36. Rf1 Ne5 37. Ng5 Re8 38. Qe2 h4 39. Nh5 Qe7 40. Nxg7 Kxg7 41. Bf4 Kg8 42. Qf2 f6 43. Ne6 Bd7 44. Nc7 Nd3 45. Qxh4 g5 46. Qg3 Qxe4 47. Bxd6 Kg7 48. Raa1 Rab8 49. Nxe8+ Rxe8 50. Qf3 Qxf3 51. Rxf3 Re2 52. Raf1 f5 53. Ba3 f4 54. R3f2 Nxf2 55. Rxf2 Re1+ 56. Rf1 Re2 57. Rf2 1/2-1/2

[Event "Slovenian chT 2019"]
[Site "Slovenia"]
[Date "2019.12.21"]
[Round "8"]
[White "Zupe, Miran"]
[Black "Murko, David"]
[Result "1/2-1/2"]
[WhiteElo "2236"]
[BlackElo "2170"]
[Annotator "NA"]
[PlyCount "82"]
[EventDate "2019.??.??"]
[EventCountry "SLO"]
[SourceTitle "playchess.com"]
[Source "ChessBase"]
[SourceQuality "1"]
[TimeControl "40/5400+30:1800+30"]

1. Nf3 c5 2. c4 g6 3. Nc3 Bg7 4. g3 Nc6 5. Bg2 e5 6. O-O Nge7 7. Ne1 O-O 8. Nc2 d6 9. Ne3 Be6 10. Ned5 Qd7 11. d3 Bxd5 (11... Bh3 $11) 12. Nxd5 $11 Nxd5 13. Bxd5 Ne7 14. Bg2 h6 15. Rb1 Rab8 16. b4 b6 17. Qb3 Rfd8 18. Bd2 Bf8 19. Rfc1 Rbc8 20. b5 d5 21. cxd5 Nxd5 22. Bxd5 Qxd5 23. Qxd5 Rxd5 24. Rc4 Re8 25. f3 Bg7 26. Be3 f5 27. Rb3 e4 28. dxe4 fxe4 29. f4 Rd1+ 30. Kf2 Re7 31. Ra3 Rb1 32. Rb3 Rd1 33. Ra3 Rb1 34. Rb3 Rd1 35. Ra3 Rb1 36. Rca4 Rxb5 37. Rxa7 Bd4 38. Rxe7 Bg7 39. Rea7 c4 40. Rc7 c3 41. Rc4 Rb2 1/2-1/2

[Event "Slovenian chT 2019"]
[Site "Slovenia"]
[Date "2019.12.21"]
[Round "8"]
[White "Urbanc, Peter"]
[Black "Srebrnic, Ana"]
[Result "1-0"]
[WhiteElo "2212"]
[BlackElo "2165"]
[Annotator "NA"]
[PlyCount "109"]
[EventDate "2019.??.??"]
[EventCountry "SLO"]
[SourceTitle "playchess.com"]
[Source "ChessBase"]
[SourceQuality "1"]
[TimeControl "40/5400+30:1800+30"]

1. c4 d6 2. Nc3 g6 3. d4 Bg7 4. e4 Nc6 5. d5 Nd4 6. Be3 c5 7. dxc6 Nxc6 8. Qd2 Nf6 9. h3 b6 10. Nf3 Bb7 11. Rc1 O-O 12. Bd3 Nd7 $14 13. b3 Nde5 14. Nxe5 dxe5 15. O-O Nd4 16. Rfd1 Rc8 17. Bb1 a6 18. f4 f6 19. Bxd4 exd4 20. Qxd4 Qc7 21. Nd5 Bxd5 22. exd5 f5 23. Qf2 Qc5 24. Qxc5 bxc5 25. Re1 Bf6 26. Re6 a5 27. Bc2 Rfd8 28. Rce1 Kf7 29. g4 fxg4 30. hxg4 Rd6 31. g5 Bd4+ 32. Kg2 Rc7 33. Kf3 Rb7 34. f5 gxf5 35. Bxf5 Rxe6 36. Rxe6 a4 37. Bc2 axb3 38. axb3 Kg8 39. Rh6 Bg7 40. Rh3 Rb6 41. Bxh7+ Kf7 42. Kg4 Bd4 43. Bc2 Ra6 44. g6+ Kg8 45. Rh2 Ra1 46. Re2 Kf8 47. Kf5 Ke8 48. d6 Rf1+ 49. Kg4 Rg1+ 50. Kf3 Bf6 51. Bf5 Kd8 52. d7 Kc7 53. Re6 Rg5 54. Ke4 Rh5 55. Rc6+ 1-0

[Event "Slovenian chT 2019"]
[Site "Slovenia"]
[Date "2019.12.21"]
[Round "8"]
[White "Rozic, Samo"]
[Black "Riegler, Primoz"]
[Result "1/2-1/2"]
[WhiteElo "2205"]
[BlackElo "2304"]
[Annotator "NA"]
[PlyCount "96"]
[EventDate "2019.??.??"]
[EventCountry "SLO"]
[SourceTitle "playchess.com"]
[Source "ChessBase"]
[SourceQuality "1"]
[TimeControl "40/5400+30:1800+30"]

1. e4 c5 2. b3 b6 3. Bb2 Bb7 4. Nc3 e6 5. Nf3 a6 6. d4 cxd4 7. Nxd4 Qc7 8. Qd2 Nf6 9. f3 Nc6 10. O-O-O $15 Nxd4 11. Qxd4 Bc5 12. Qd3 O-O 13. Kb1 Be7 14. Qe3 Rac8 15. Bd3 d6 16. g4 Nd7 17. Ne2 Bf6 18. c3 Qc5 19. Nd4 b5 20. Rhg1 g6 21. g5 Bg7 22. Qd2 d5 23. exd5 Bxd5 24. f4 Rfd8 25. h4 Qb6 26. f5 e5 27. f6 Bf8 28. Nc2 Bf3 29. Rdf1 e4 30. Nd4 Ne5 31. Bc2 b4 32. cxb4 Bxb4 33. Qf4 Qa5 34. Ne6 fxe6 35. Qxe5 Kf7 36. h5 Qxe5 37. hxg6+ hxg6 38. Bxe5 Rh8 39. Bd1 Bc3 40. Bxf3 exf3 41. Bxc3 Rxc3 42. Rg3 Rh2 43. Rgxf3 Rcc2 44. Rd3 Rb2+ 45. Kc1 Rxa2 46. Kb1 Rab2+ 47. Ka1 Ra2+ 48. Kb1 Rhb2+ 1/2-1/2

[Event "Slovenian chT 2019"]
[Site "Slovenia"]
[Date "2019.12.21"]
[Round "8"]
[White "Breznik, Kristijan"]
[Black "Rozic, Adrijan"]
[Result "1-0"]
[WhiteElo "2180"]
[BlackElo "2048"]
[Annotator "NA"]
[PlyCount "69"]
[EventDate "2019.??.??"]
[EventCountry "SLO"]
[SourceTitle "playchess.com"]
[Source "ChessBase"]
[SourceQuality "1"]
[TimeControl "40/5400+30:1800+30"]

1. e4 e6 2. d4 d5 3. Nc3 Nf6 4. Bg5 dxe4 5. Nxe4 Be7 6. Bxf6 Bxf6 7. Nf3 O-O 8. Bc4 Bd7 9. Qe2 Bc6 10. O-O-O Bxe4 11. Qxe4 c6 12. h4 Nd7 13. Kb1 Re8 14. g4 Nf8 15. g5 Be7 16. Rdg1 b5 17. Bd3 Qd5 18. Qg4 Rac8 19. h5 c5 $18 (19... f5 $16 {is more resistant.} 20. gxf6 {[%mdl 64] Discovered Attack} Bxf6) 20. g6 fxg6 21. hxg6 h6 22. Qf4 Bf6 23. Rxh6 Nd7 24. Be4 Qc4 25. Rh5 e5 26. dxe5 Nxe5 27. Nxe5 Qd4 28. c3 Qxe5 29. Rxe5 Rxe5 30. Rd1 b4 31. cxb4 cxb4 32. Bd5+ Kf8 33. Rh1 Ke7 34. Qxb4+ Kd7 35. Qg4+ 1-0

[Event "Slovenian chT 2019"]
[Site "Slovenia"]
[Date "2019.12.21"]
[Round "8"]
[White "Kovacic, Peter"]
[Black "Titan, Matej"]
[Result "1/2-1/2"]
[WhiteElo "2175"]
[BlackElo "2229"]
[Annotator "NA"]
[PlyCount "60"]
[EventDate "2019.??.??"]
[EventCountry "SLO"]
[SourceTitle "playchess.com"]
[Source "ChessBase"]
[SourceQuality "1"]
[TimeControl "40/5400+30:1800+30"]

1. Nc3 e5 2. e4 Nf6 3. g3 Nc6 4. Bg2 Bc5 5. d3 h6 (5... a6 6. Nge2 d6 7. h3 Be6 8. f4 h6 9. f5 Bd7 10. b3 Nd4 11. Bb2 Bc6 12. Nxd4 Bxd4 13. Qe2 b5 14. Nd1 {1-0 (60) Nakamura,H (2774)-Topalov,V (2749) Saint Louis 2017}) 6. Nge2 {C26: Vienna Game: 2...Nf6, sidelines} a6 7. O-O d6 8. a3 Be6 9. b4 $146 ({Predecessor:} 9. h3 O-O 10. Kh2 d5 11. f4 exf4 12. Nxf4 d4 13. Nce2 Qd7 14. Ng1 Ne5 15. Nf3 Nxf3+ 16. Qxf3 {½-½ (40) Goker,A (1704)-Karagollu,B (1601) Konya 2017}) 9... Ba7 10. Bb2 Nd4 ({Better is} 10... h5 $15 11. h4 Nd4) 11. Nxd4 Bxd4 12. h3 O-O 13. Qd2 a5 14. Nd1 Bxb2 15. Nxb2 Re8 16. c4 c5 (16... Qd7 $15) 17. b5 Nh7 18. f4 exf4 19. gxf4 $14 Rb8 20. f5 Bc8 21. Na4 b6 22. Nc3 Bb7 23. Rae1 Qf6 24. Ne2 Nf8 25. Nf4 Nd7 26. Qf2 Ne5 27. Re3 Kh7 28. Rg3 Rg8 29. Nh5 Qd8 30. Qf4 Bc8 1/2-1/2

[Event "Slovenian chT 2019"]
[Site "Slovenia"]
[Date "2019.12.21"]
[Round "8"]
[White "Belsak, Zan"]
[Black "Vombek, Dani"]
[Result "0-1"]
[WhiteElo "2172"]
[BlackElo "2283"]
[Annotator "NA"]
[PlyCount "96"]
[EventDate "2019.??.??"]
[EventCountry "SLO"]
[SourceTitle "playchess.com"]
[Source "ChessBase"]
[SourceQuality "1"]
[TimeControl "40/5400+30:1800+30"]

1. e4 c5 2. Nc3 a6 3. f4 b5 4. Nf3 Bb7 5. d3 e6 6. g3 b4 7. Ne2 f5 8. Nd2 Nf6 9. Bg2 $11 d5 10. e5 Nfd7 11. O-O Qc7 12. Nf3 Be7 13. Be3 d4 14. Bc1 Nb6 15. b3 Nd5 16. h3 Nd7 17. Kh2 O-O-O 18. a3 a5 19. Bd2 h6 20. Qb1 g5 21. fxg5 Nxe5 22. Nf4 hxg5 23. Nxe6 Ng4+ 24. Kg1 Qxg3 25. Qe1 Qxe1 26. Rfxe1 Nge3 27. Nxd8 Bxd8 28. Bxe3 Nxe3 29. Rxe3 dxe3 30. axb4 cxb4 31. Ne1 Rh4 32. Bxb7+ Kxb7 33. Kg2 Rf4 34. Nf3 g4 35. hxg4 fxg4 36. Ne5 Rf2+ 37. Kg1 Rxc2 38. Nxg4 e2 39. Ne3 Bb6 40. Kf2 e1=Q+ 41. Kxe1 Bxe3 42. Rxa5 Bc5 43. Kd1 Rc3 44. d4 Bd6 45. Rh5 Kc6 46. Rf5 Rxb3 47. Kc2 Rc3+ 48. Kb2 Rd3 0-1

[Event "Slovenian chT 2019"]
[Site "Slovenia"]
[Date "2019.12.21"]
[Round "8"]
[White "Kaps, Darja"]
[Black "Pozun, Matej"]
[Result "0-1"]
[WhiteElo "2145"]
[BlackElo "2099"]
[Annotator "NA"]
[PlyCount "151"]
[EventDate "2019.??.??"]
[EventCountry "SLO"]
[SourceTitle "playchess.com"]
[Source "ChessBase"]
[SourceQuality "1"]
[TimeControl "40/5400+30:1800+30"]

1. e4 c5 2. d3 Nc6 3. g3 d5 4. Bg2 dxe4 5. Bxe4 Nf6 6. Bxc6+ bxc6 7. Qf3 Qc7 8. Nc3 Bg4 9. Qg2 e5 10. h3 Be6 11. Nge2 $15 Be7 12. O-O c4 13. d4 Qd7 14. Rd1 Bxh3 15. Qh1 e4 16. Nxe4 Nxe4 17. Qxe4 Bf5 18. Qe5 Kf8 19. Nf4 Bd6 20. Qe2 h5 21. Qxc4 h4 22. d5 c5 23. Be3 hxg3 24. fxg3 Re8 25. Bxc5 Be4 26. Re1 Bxc5+ 27. Qxc5+ Kg8 28. Qc6 Qd8 29. Rxe4 Rxe4 30. Rd1 Rh6 31. d6 Re5 32. c4 g5 33. Qc7 Qe8 34. Ng2 Re2 35. Rf1 g4 36. Rf2 Re1+ 37. Rf1 Rxf1+ 38. Kxf1 Rh1+ 39. Kf2 Qe4 40. Qd8+ Kh7 41. Qf6 Qc2+ 42. Ke3 Qc1+ 43. Ke4 Qxc4+ 44. Ke3 Qc1+ 45. Ke4 Qc6+ 46. Ke3 Qf3+ 47. Qxf3 gxf3 48. Nh4 Rd1 49. Nf5 Kg6 50. g4 Kf6 51. Kxf3 Ke6 52. Ke3 Rg1 53. Kf4 Rg2 54. b3 Rxa2 55. Kg5 Rg2 56. Nh6 Rd2 57. Nf5 Rd5 58. Kh6 Rd3 59. Kg7 Rd1 60. Kf8 Rh1 61. Ng7+ Kxd6 62. Kxf7 Rg1 63. Nf5+ Ke5 64. Nh6 a5 65. Ke7 Kf4 66. Kd6 Rb1 67. Nf5 Rxb3 68. Kc5 Ke4 69. Nd6+ Kd3 70. g5 Rb8 71. g6 Kc3 72. g7 a4 73. Ne4+ Kb2 74. Nf6 a3 75. Nd7 Rg8 76. Kd5 0-1

[Event "Slovenian chT 2019"]
[Site "Slovenia"]
[Date "2019.12.21"]
[Round "8"]
[White "Rozman, Monika"]
[Black "Skuhala, Jernej"]
[Result "1/2-1/2"]
[WhiteElo "2136"]
[BlackElo "2266"]
[Annotator "TA"]
[PlyCount "83"]
[EventDate "2019.??.??"]
[EventCountry "SLO"]
[SourceTitle "playchess.com"]
[Source "ChessBase"]
[SourceQuality "1"]

{[%evp 17,83,-17,-11,-14,-8,-16,-15,-26,0,-72,-56,-181,-175,-163,-100,-71,-95,-132,-61,-61,-26,-22,-30,-32,-27,-39,0,0,0,-97,-95,-173,-76,-60,-70,-159,-164,-162,-156,-141,-47,-56,-50,-40,0,-20,168,0,384,370,375,0,0,0,0,0,0,0,0,0,0,0,0,0,0,0,0,0]} 1. e4 c5 2. Nf3 d6 3. d4 cxd4 4. Nxd4 Nf6 5. Nc3 Nc6 6. Be2 e5 7. Nb3 Be7 8. O-O O-O 9. Bg5 Nxe4 10. Nxe4 {B59: Classical Sicilian: 6 Be2 e5 7 Nb3} Bxg5 11. Nxd6 Qe7 12. Bd3 f5 $146 ({Predecessor:} 12... g6 13. Nxc8 Raxc8 14. Be4 f5 15. Bxc6 Rxc6 16. Qe2 Rd8 17. Rad1 Rcd6 {0-1 (56) Plat,V (2406)-Arutinian,D (2526) Olomouc 2009}) 13. Re1 (13. Bc4+ $11 {keeps the balance.} Kh8 14. Qd5) 13... Be6 $17 14. Nb5 ({Better is} 14. Bc4 $15 Rad8 15. Bxe6+ Qxe6 16. Qh5) 14... e4 15. N5d4 Ne5 (15... Bxb3 $1 $19 16. Nxb3 Rac8) 16. Nxe6 Qxe6 17. Bf1 Rfd8 ({Black should try} 17... Kh8 $17 18. Qh5 Qe7) 18. Nd4 $15 Qf6 {And now ...Rxd4! would win.} 19. c3 Kh8 20. Qb3 {[#]} e3 $1 $36 {[%mdl 2560] White is under pressure.} 21. fxe3 Qg6 (21... Ng4 $5 {[%cal Rf6h6]} 22. Qe6 Qxe6 23. Nxe6 Bxe3+ 24. Rxe3 Nxe3 25. Nxd8 Rxd8 $11) 22. Qxb7 Ng4 23. Nf3 (23. Qc6 $11) 23... Qh6 24. g3 (24. Re2 $17) 24... Bxe3+ (24... Rab8 $1 $19 {and Black stays clearly on top.} 25. Qa6 Bxe3+ 26. Kh1 Qh5 27. Rxe3 Nxe3) 25. Kg2 $17 Bb6 {[%mdl 1024] Black has compensation.} 26. Re2 (26. a4 $1 $15) 26... Rab8 27. Qe7 {[#]} Ne3+ $1 ({Weaker is} 27... Qc6 28. Rae1 $11) 28. Kh1 {[#] Ne5 is the strong threat.} Re8 (28... Qc6 $1 $17 {[%cal Rc6f3]} 29. Bg2 (29. Rxe3 $2 Re8 $17) 29... Re8) 29. Qd7 $15 Rbd8 30. Qb5 $1 a6 31. Qxa6 Ng4 $2 (31... f4 $11 {and Black has nothing to worry.} 32. Qb5 Rf8) 32. Nd4 $2 (32. Rxe8+ $18 Rxe8 33. Re1) 32... Ra8 $2 {[%mdl 8192]} (32... f4 $11 {and Black stays safe.} 33. gxf4 Rxe2 34. Qxe2 Qxf4) 33. Rae1 $18 Qg6 34. Qxb6 $2 ({Less strong is} 34. Rxe8+ Rxe8 35. Rxe8+ Qxe8 $18) (34. Re6 $18 Qh5 35. Rxe8+ Rxe8 36. Rxe8+ Qxe8 37. Qxb6 Qe4+ 38. Nf3 Qxf3+ 39. Kg1) 34... Rxe2 $11 {The position is equal.} 35. Qxg6 {Strongly threatening Qc6.} Rxh2+ 36. Kg1 {White threatens Re8+ and mate.} hxg6 37. Be2 Rh3 38. Kg2 Rh2+ 39. Kg1 Rh3 40. Kg2 Rh2+ 41. Kg1 Rh3 42. Kg2 {Accuracy: White = 33%, Black = 46%.} 1/2-1/2